000 00360nam a2200133Ia 4500
008 240624s9999 xx 000 0 und d
041 _aeng
082 _a153.69 SAY
100 _aSAYLER SHARON
245 _aWHAT YOUR BODY SAYS AND HOW TO MASTER TH
260 _c2010
_aNew Jersey
_bJohn Wiley and Sons
300 _axix, : 172 : p. : cm. ; 23
365 _c
_b27
999 _c16939
_d16939